Escudos de Times de Futebol do Distrito Federal - Statistics

Estatísticas Gerais
  • Esse quiz foi jogado 15 vezes
  • A pontuação média é 9 de 18
Estatísticas das Respostas
Imagem Resposta % Correto
Brasiliense
100%
Gama
92%
Brasília
85%
Capital
85%
Ceilândia
85%
Real Brasília
85%
Samambaia
62%
Sobradinho
46%
Unidos do Cruzeiro
46%
Legião
38%
Luziânia - GO->DF
31%
Ceilandense
23%
Paranoá
23%
Planaltina
23%
Cruzeiro
15%
Candango
8%
GREVAL - GO->DF
8%
Riacho City
8%
Nenhum quiz correspondente encontrado
Distribuição das Pontuações
Porcentagem de Pessoas com Cada Pontuação
Percentil de Números Respondidos
Sua Pontuação Histórica
Você não jogou esse quiz